[Event "Bastiais Master"]
[Site "Bastia"]
[Date "2003.??.??"]
[Round "?"]
[White "Ceccaldi, Daniel"]
[Black "Massoni, Michael"]
[Result "0-1"]
[WhiteElo "1900"]
[BlackElo "1830"]
[PlyCount "66"]
[EventDate "2003.??.??"]
[EventType "swiss"]
[EventRounds "7"]
[EventCountry "FRA"]
[SourceTitle "EXT 2007"]
[Source "ChessBase"]
[SourceDate "2006.11.23"]
[SourceVersion "1"]
[SourceVersionDate "2006.11.23"]
[SourceQuality "1"]

1. e4 e5 2. Nf3 Nc6 3. Bb5 a6 4. Ba4 b5 5. Bb3 Nf6 6. 0-0 Be7 7. c3 0-0 8. d4 d6 9. d5 Na5 10. Bc2 Bg4 11. Qd3 c5 12. dxc6 Nxc6 13. h3 Bh5 14. Nh2 b4 15. Bd2 Bg6 16. Qe2 d5 17. exd5 Bxc2 18. dxc6 Bd3 19. Qf3 e4 20. Qd1 Bxf1 21. Nxf1 bxc3 22. Nxc3 Qb6 23. Qa4 Bc5 24. Ne3 Qxb2 25. Rd1 Bxe3 26. Bxe3 Rfd8 27. Bd4 Qb8 28. Rb1 Qd6 29. Bxf6 Qxf6 30. Qxe4 Qxc3 31. Rb7 Rac8 32. Qe7 Qc1+ 33. Kh2 Qf4+ 0-1